Engineering science group research - Vol. 2 / (Record no. 1722)

000 -LEADER
fixed length control field 00449nam a2200145 4500
008 - FIXED-LENGTH DATA ELEMENTS--GENERAL INFORMATION
fixed length control field 200131b ||||| |||| 00| 0 eng d
082 00 - DEWEY DECIMAL CLASSIFICATION NUMBER
Classification number 623.81
Item number N9612
110 ## - MAIN ENTRY--CORPORATE NAME
9 (RLIN) 680
Corporate name or jurisdiction name as entry element National Physical Laboratory
245 10 - TITLE STATEMENT
Title Engineering science group research - Vol. 2 /
260 ## - PUBLICATION, DISTRIBUTION, ETC. (IMPRINT)
Place of publication, distribution, etc London
Name of publisher, distributor, etc H.M.S.O.
Date of publication, distribution, etc 1972
300 ## - PHYSICAL DESCRIPTION
Extent vii, 71 p.
500 ## - GENERAL NOTE
General note Marine and fluid dynamics
650 #0 - SUBJECT ADDED ENTRY--TOPICAL TERM
Topical term or geographic name as entry element Marine Engineering
942 ## - ADDED ENTRY ELEMENTS (KOHA)
Source of classification or shelving scheme
Item type Books
Holdings
Withdrawn status Lost status Source of classification or shelving scheme Damaged status Not for loan Permanent location Current location Date acquired Full call number Barcode Date last seen Koha item type
          IMU Kolkata IMU Kolkata 2020-01-31 623.81 N9612 04572 2020-01-31 Books
Designed and Maintained by IMU-KC Library, Kolkata Campus © Copyright All Rights Reserved

webs counters

Powered by Koha